| 000 | 00733nam a2200277Ia 4500 | ||
|---|---|---|---|
| 008 | 170203s9999 xx 000 0 und d | ||
| 020 | _a9628882783 | ||
| 050 | _a912 | ||
| 050 | _bW911t 2005 | ||
| 100 | _aWoodward, John | ||
| 245 | _aTemperate forests / | ||
| 245 | _cJohn Woodward. | ||
| 260 | _aSingapore : | ||
| 260 | _bEducational Technologies Ltd. | ||
| 260 | _c2005 | ||
| 300 | _a64 pages : | ||
| 300 | _bcolor illustrations, color maps ; | ||
| 300 | _c29 cm. | ||
| 440 | _aBiomes atlases. | ||
| 650 | _aForest ecology -- | ||
| 650 | _aForest ecology. | ||
| 650 | _aForests and forestry -- | ||
| 650 | _aForests and forestry. | ||
| 650 | _xJuvenile literature. | ||
| 650 | _xJuvenile literature. | ||
| 999 |
_c305758 _d305758 |
||